The thought of C. S. Peirce (Record no. 123511)
[ view plain ]
| 000 -LEADER | |
|---|---|
| fixed length control field | 00853cam a2200265 4500 |
| 001 - CONTROL NUMBER | |
| control field | 1244853 |
| 003 - CONTROL NUMBER IDENTIFIER | |
| control field | ARRUPE |
| 005 - DATE AND TIME OF LATEST TRANSACTION | |
| control field | 20151014112945.0 |
| 008 - FIXED-LENGTH DATA ELEMENTS--GENERAL INFORMATION | |
| fixed length control field | 700109r19691950nyu b 001 0 eng |
| 010 ## - LIBRARY OF CONGRESS CONTROL NUMBER | |
| LC control number | 72094324 |
| 020 ## - INTERNATIONAL STANDARD BOOK NUMBER | |
| International Standard Book Number | 0486222160 |
| 040 ## - CATALOGING SOURCE | |
| Original cataloging agency | DLC |
| Transcribing agency | DLC |
| Modifying agency | DLC |
| 050 00 - LIBRARY OF CONGRESS CALL NUMBER | |
| Classification number | B945.P44 |
| Item number | G68 1969 |
| 082 00 - DEWEY DECIMAL CLASSIFICATION NUMBER | |
| Classification number | 191 |
| 300 ## - PHYSICAL DESCRIPTION | |
| Dimensions | 22 cm. |
| 100 1# - MAIN ENTRY--PERSONAL NAME | |
| Personal name | Goudge, Thomas A., |
| Dates associated with a name | 1910- |
| 9 (RLIN) | 20268 |
| 245 14 - TITLE STATEMENT | |
| Title | The thought of C. S. Peirce |
| Statement of responsibility, etc | [by] Thomas A. Goudge. |
| 260 ## - PUBLICATION, DISTRIBUTION, ETC. (IMPRINT) | |
| Place of publication, distribution, etc | New York, |
| Name of publisher, distributor, etc | Dover Publications |
| Date of publication, distribution, etc | 1969 |
| 300 ## - PHYSICAL DESCRIPTION | |
| Extent | xii, 360 p. |
| 350 ## - PRICE (NR) (BK AM CF MU VM SE) [OBSOLETE] | |
| Price | 3.00 |
| 500 ## - GENERAL NOTE | |
| General note | "Unabridged and unaltered republication of the work originally published ... in 1950." |
| 504 ## - BIBLIOGRAPHY, ETC. NOTE | |
| Bibliography, etc | Bibliographical footnotes. |
| 600 10 - SUBJECT ADDED ENTRY--PERSONAL NAME | |
| Personal name | Peirce, Charles S. |
| Fuller form of name | (Charles Sanders), |
| Dates associated with a name | 1839-1914. |
| 9 (RLIN) | 20269 |
| 906 ## - LOCAL DATA ELEMENT F, LDF (RLIN) | |
| a | 7 |
| b | cbc |
| c | orignew |
| d | u |
| e | ncip |
| f | 19 |
| g | y-gencatlg |
| 942 ## - ADDED ENTRY ELEMENTS (KOHA) | |
| Source of classification or shelving scheme | Library of Congress Classification |
| Koha item type | Monograph ( Printed materials) |
| Withdrawn status | Lost status | Source of classification or shelving scheme | Damaged status | Not for loan | Collection code | Home library | Current library | Shelving location | Date acquired | Total Checkouts | Full call number | Barcode | Date last seen | Price effective from | Koha item type |
|---|---|---|---|---|---|---|---|---|---|---|---|---|---|---|---|
| Library of Congress Classification | Main Collection | ARRUPE LIBRARY | ARRUPE LIBRARY | Main Collection | 14/10/2015 | B945.P44G68 1969 | 46500005471 | 14/10/2015 | 14/10/2015 | Monograph ( Printed materials) |